|
|
|
|
| LEADER |
00000nam a2200000 a 4500 |
| 001 |
vtls001330718 |
| 003 |
SK-MaSNL |
| 005 |
20260301235706.0 |
| 008 |
251113s1997 UA a ukr |
| 020 |
|
|
|a 9667261018
|c b.c.
|
| 035 |
|
|
|a SNK000283587
|
| 035 |
|
|
|a urn:nbn:sk:snk-amye8f
|
| 035 |
|
|
|a urn:nbn:sk:snk-am00cew6
|
| 035 |
|
|
|a 327CA878-05FD-42A1-B3B2-D56346B28B7B
|
| 040 |
|
|
|a SNK
|b slo
|c SNK
|e AACR2
|
| 041 |
0 |
|
|a ukr
|
| 044 |
|
|
|a UA
|
| 080 |
|
|
|a 553(084.12)
|2 1981
|
| 100 |
1 |
|
|a Symens, R.F.
|4 aut
|9 633267
|
| 245 |
1 |
0 |
|a Porody i mineraly
|c avtory R.F. Simens i personal Muzeju istoriji pryrodoznavstva ; [pereklad z anhlijs'koji Viktora Sil'čuka]
|
| 260 |
|
|
|a L'viv
|b Art-Media
|c 1997
|e [Martin
|f Neografia]
|
| 300 |
|
|
|a 63 s.
|c 29 cm
|
| 490 |
1 |
|
|a Dyvljus', dyvujus', diznajus'
|v 4
|
| 650 |
0 |
7 |
|a minerály
|x knihy detské ilustrované
|2 SNK
|9 287763
|
| 650 |
0 |
7 |
|a kamene drahé
|x knihy detské ilustrované
|2 SNK
|9 287764
|
| 830 |
|
0 |
|a Dyvljus', dyvujus', diznajus'
|9 633268
|
| 919 |
|
|
|a 966-7261-01-8
|
| 999 |
|
|
|c 976178
|d 978108
|
| 952 |
|
|
|t P60, <03>, [BOOK], {603}
|a SNK
|b SNK
|y PREZ
|7 0
|p 17A0138530
|o snkSB 58729
|i snkKSP 5179/98
|0 0
|1 0
|4 0
|d 1998-05-13
|f 1
|l 0
|r 2017-06-30 00:00:00
|w 2026-02-24
|